LIBRARY & INFORMATION CENTRE, KCAET, TAVANUR

ONLINE PUBLIC ACCESS CATALOGUE (OPAC)

Fundamentals of Agriculture Engineering (Record no. 14211)

MARC details
000 -LEADER
fixed length control field 00307nam a22001217a 4500
020 ## - INTERNATIONAL STANDARD BOOK NUMBER
ISBN 9789380428529
082 ## - DEWEY DECIMAL CLASSIFICATION NUMBER
Classification number 631.1
Item number KAL/FU
100 ## - MAIN ENTRY--AUTHOR NAME
Personal name M.U. Kale
-- M.S. Supe
245 ## - TITLE STATEMENT
Title Fundamentals of Agriculture Engineering
260 ## - PUBLICATION, DISTRIBUTION, ETC. (IMPRINT)
Place of publication Delhi
Name of publisher Narendra Publishing House
Year of publication 2014
300 ## - PHYSICAL DESCRIPTION
Number of Pages 455
942 ## - ADDED ENTRY ELEMENTS (KOHA)
Koha item type Books
Holdings
Withdrawn status Lost status Damaged status Collection code Home library Current library Shelving location Date acquired Source of acquisition Cost, normal purchase price Full call number Accession Number Koha item type
        KAUAET KAUAET General Stacks 04/06/2016 SouthernBook Center, Tvm 1295.00 631.1 KAL/FU 24900 Books
free website counter